Polskie produkty regionalne - Statystyki

Ogólne statystyki
  • Ten quiz został rozwiązany 37 razy
  • Średni wynik to 4 z 20
Statystyki odpowiedzi
Obrazkowy Hint Odpowiedź % Poprawnych
Bryndza Podhale
69%
Cebularz Lublin
63%
Obwarzanek Kraków
59%
Paprykarz Szczecin
59%
Kartacz Litwa
38%
Kluchy połom bite Kroszyce
28%
Krówka opatowska Opatów
28%
Wodzianka / Wodzionka Śląsk
25%
Ruchanki / Ruchańce Kaszuby
16%
Hekele Śląsk
16%
Śliwowica Łącko
13%
Pasztecik Szczecin
9%
Mrowisko (ciasto) Sejny
6%
Grzyby marynowane z szyszką Pomorze zachodnie
3%
Krupniak Biłgoraj
0%
Kruszon Krzeszów
0%
Fiut (syrop) Kujawy
0%
Piwo kozicowe Mazowsze
0%
Kiszka szwedzka Wałcz
0%
Szare kluski Wielkopolska
0%
Nie znaleziono quizów pasujących do podanych kryteriów
Rozkład punktacji
Procent ludzi z każdym wynikiem
Percentyl według liczby udzielonych odpowiedzi
Twoja historia wyników
Nie rozwiązałeś tego quizu